Investment environment in Samara Oblast.
| Format: | Book |
|---|---|
| Published: |
Molodogvardeyskaya:
Department of Economics and Investment,
[200-].
|
| Subjects: |
| LEADER | 00548cam a2200157 7i4500 | ||
|---|---|---|---|
| 001 | 0000009806 | ||
| 005 | 20010716090000.0 | ||
| 020 | 0 | 0 | |a 589850026 X |
| 090 | 0 | 0 | |a RUSS 332.64744 |b INV |
| 245 | 0 | 0 | |a Investment environment in Samara Oblast. |
| 260 | 0 | 0 | |a Molodogvardeyskaya: |b Department of Economics and Investment, |c [200-]. |
| 300 | # | # | |a 155 p. |
| 650 | 0 | 0 | |a Samara Oblast, investments -- |z Russia |
| 650 | 0 | 0 | |a Samara Oblast -- |x Law and legislation -- |z Russia |
| 651 | 0 | 0 | |a Samara Oblast, Russia |
| 999 | |a 0000012104 |b Book |c Countries |e Business Information Centre | ||